Handbook of vacuum arc science and technology fundamentals and applications (Record no. 595000)

000 -LEADER
fixed length control field 00322nam a22001217a 4500
040 ## - CATALOGING SOURCE
Transcribing agency SCME
100 ## - MAIN ENTRY--PERSONAL NAME
Personal name Martin, Boxman
9 (RLIN) 113248
245 ## - TITLE STATEMENT
Title Handbook of vacuum arc science and technology fundamentals and applications
250 ## - EDITION STATEMENT
Edition statement 1st.
260 ## - PUBLICATION, DISTRIBUTION, ETC.
Place of publication, distribution, etc. William andrew
Name of publisher, distributor, etc. india
Date of publication, distribution, etc. 2004
300 ## - PHYSICAL DESCRIPTION
Extent 742p.
942 ## - ADDED ENTRY ELEMENTS (KOHA)
Source of classification or shelving scheme
Koha item type Book
Holdings
Withdrawn status Lost status Source of classification or shelving scheme Damaged status Not for loan Permanent Location Current Location Shelving location Date acquired Total Checkouts Full call number Barcode Date last seen Price effective from Koha item type
          School of Chemical & Materials Engineering (SCME) School of Chemical & Materials Engineering (SCME) Book Cart 06/23/2023   621.381542 M3745H SCME-4846 06/23/2023 06/23/2023 Book
© 2023 Central Library, National University of Sciences and Technology. All Rights Reserved.